01224nam a2200157 a 4500008004100000020001500041041000800056100002100064245006800085250001100153260003900164300001100203500010600214505073100320655001501051180206e2003 ag ||||| |||| 00| p spa d a9506947007 aspa1 aFonseca, Ricardo aAnimal lingüístico. bPoemas y canciones /cRicardo Fonseca a1a ed. aBuenos Aires:bNuevo Hacer;c2003. a351 p. aFonseca, R. (2003). Animal lingüístico. Poemas y canciones. (1a ed.). Buenos Aires : Nuevo Hacer. aAnimal lingüístico es una antología personal de poemas y canciones extraídos, robado del lenguaje común y alimentados de entrañables y numerosas voces de poetas y narradores/as latinoamericanos, facilitadores a su vez de ese intento inconcluso y quizá vano de querer decir lo indecible. De ese barrer en la oscuridad que supone el provocar y el ser provocado por las palabras para que expresen algo de lo mucho que silencian. Claro que el viento, el agua, el día, la noche, los sueños y ensueños, también pasan y transcurren por estos artefactos lingüísticos que, al contacto con sus posibles lectores, ojalá emitan mínimas señales de lo que, por acostumbradora complicidad, llamamos poesía.  aLiteratura